CFP Matchups - Statistics

General Stats
  • This quiz has been taken 131 times
  • The average score is 22 of 27
Answer Stats
Question Answer % Correct
2015 Rose Bowl
96%
2015 National Championship
96%
2015 Sugar Bowl
92%
2015 Orange Bowl
92%
2015 Cotton Bowl
92%
2016 Peach Bowl
88%
2016 Fiesta Bowl
88%
2018 Rose Bowl
84%
2018 National Championship
84%
2018 Orange Bowl
84%
2018 Cotton Bowl
84%
2019 Peach Bowl
84%
2018 Sugar Bowl
80%
2020 National Championship
80%
2021 Rose Bowl
80%
2021 Sugar Bowl
80%
2021 Cotton Bowl
80%
2021 Orange Bowl
80%
2022 Peach Bowl
80%
2023 National Championship
80%
2019 National Championship
76%
2022 National Championship
76%
2022 Fiesta Bowl
76%
2017 National Championship
72%
2019 Fiesta Bowl
72%
2021 National Championship
72%
2016 National Championship
68%
No matching quizzes found
Score Distribution
Percent of People with Each Score
Percentile by Number Answered
Your Score History
You have not taken this quiz